000 00550nam a2200181Ia 4500
999 _c15202
_d15202
003 OSt
005 20201022094724.0
008 190216s9999||||xx |||||||||||||| ||und||
020 _a0195690249
040 _coclc
082 _a809
_bTRI/N
100 _aTrivedi, Harish
_96011
245 4 _aThe Nation Across The World :
_bPost Colonial Literary Representations /
_cHarish Trivedi
260 _bOxford University Press,
_c2011.
_aNew delhi:
300 _a312p
650 _aEnglish
942 _cBK
_2ddc
_h809
_iTRI/N
_k809
_mTRI/N